000 00830nas a2200277 4500
001 BR2010001813
003 BR-BrBNA
005 20231205114213.0
007 ta
008 230509b bl.|||p| |||| 00| 00por d
040 _aBR-BrBNA
_bpor
_cBiblioteca Nacional de Agricultura
041 _a(Pt)
072 _aH60
100 1 _aRios, S. de A.
100 1 _aPaes, M.C.D.
100 1 _aKaram, D.
100 1 _aBorém, A.
100 1 _aCardoso, W.S.
245 1 _aCarotenoides em grãos de milho verde após a aplicação de herbicidas pós-emergentes
650 _aMILHO
650 _aHERBICIDA
650 _aCONTROLE QUÍMICO
773 0 _tPesquisa Agropecária Brasileira (Brazil)
_xISSN 0100-204X
_g(Jan 2010), v. 45(1) p. 106-109
_wBR2010001813
909 _a202311
_bLúcia
_c55
_dLúcia Elande
942 _2AGRIS
_n0
_cANA
999 _c207595
_d207595